Mechanics Of Fluids \ (Record no. 588824)

000 -LEADER
fixed length control field 00582nam a22002177a 4500
003 - CONTROL NUMBER IDENTIFIER
control field NUST
005 - DATE AND TIME OF LATEST TRANSACTION
control field 20220317111422.0
008 - FIXED-LENGTH DATA ELEMENTS--GENERAL INFORMATION
fixed length control field 220317b ||||| |||| 00| 0 eng d
020 ## - INTERNATIONAL STANDARD BOOK NUMBER
International Standard Book Number 9781439062036
022 ## - INTERNATIONAL STANDARD SERIAL NUMBER
Source 9781439062036
038 ## - RECORD CONTENT LICENSOR
Staff Name SAIF
040 ## - CATALOGING SOURCE
Transcribing agency NUST
082 ## - DEWEY DECIMAL CLASSIFICATION NUMBER
Classification number 620.106
Author Mark POT
100 ## - MAIN ENTRY--PERSONAL NAME
Personal name Potter, MErle C.
9 (RLIN) 3288
245 ## - TITLE STATEMENT
Title Mechanics Of Fluids \
Remainder of title Merle C. Potter, David C. Wiggert & Bassem H. Ramadan
250 ## - EDITION STATEMENT
Edition statement 4th Ed.
260 ## - PUBLICATION, DISTRIBUTION, ETC.
Place of publication, distribution, etc. Change Learning
Name of publisher, distributor, etc. USA
Date of publication, distribution, etc. 2012.
300 ## - PHYSICAL DESCRIPTION
Extent xix, 793p .;
Other physical details Paperback,
Dimensions 28 cm.
563 ## - BINDING INFORMATION
Binding note H.B
942 ## - ADDED ENTRY ELEMENTS (KOHA)
Source of classification or shelving scheme
Koha item type Book
Holdings
Withdrawn status Lost status Source of classification or shelving scheme Damaged status Not for loan Permanent Location Current Location Date acquired Total Checkouts Full call number Barcode Date last seen Price effective from Koha item type
          School of Civil and Environmental Engineering (SCEE) School of Civil and Environmental Engineering (SCEE) 03/17/2022   620.106 POT NIT-13590 03/17/2022 03/17/2022 Book
© 2023 Central Library, National University of Sciences and Technology. All Rights Reserved.